LDR 00670naa#a2200193#i#450# 001 EN\\bibl\100580 005 20260418030512.6 011 ## _a2308-4057 100 ## _a20260325b2026####ek#y0engy0150####ca 101 0# _aENG 102 ## _aRU 200 1# _aProspects for livestock farming in Siberia and Far East of Russia _eJournal article 210 1# _aKemerovo _cKemerovo State University _d2026 215 ## _a4 с. 608 ## _aJournal article _2local 675 ## _aСельское хозяйство. Лесное хозяйство. Охота. Рыбное хозяйство. 63 _zENG 700 #1 _aSoloshenko _gVladimir A. 700 #1 _aMager _gSergey N. 856 4# _ajstrategizing.kemsu.ru _u